[Event "Africa-ch U16"]
[Site "Cairo"]
[Date "2017.12.09"]
[Round "9.5"]
[White "Ahmed, Fahmi Ahmed"]
[Black "Nshikokola, Mutailenu"]
[Result "1/2-1/2"]
[WhiteElo "1557"]
[BlackElo "1831"]
[PlyCount "46"]
[EventDate "2017.12.03"]
[EventType "swiss"]
[EventRounds "9"]
[EventCountry "EGY"]
[SourceTitle "EXT 2024"]
[Source "ChessBase"]
[SourceDate "2023.10.10"]
[SourceVersion "1"]
[SourceVersionDate "2023.10.10"]
[SourceQuality "1"]

1. e4 c6 2. d4 d5 3. exd5 cxd5 4. Bd3 Nf6 5. h3 e6 6. Bf4 Bd6 7. Bxd6 Qxd6 8. c3 0-0 9. Nf3 b6 10. 0-0 Ba6 11. Bxa6 Nxa6 12. Qe2 Nb8 13. Nbd2 Nbd7 14. Rfe1 Qc7 15. a4 a6 16. Ne5 Ne8 17. f4 Nd6 18. g4 Nf6 19. g5 Nfe4 20. Nxe4 Nxe4 21. Qg4 f5 22. Qg2 g6 23. Re3 Kg7 1/2-1/2

[Event "Africa-ch U16"]
[Site "Cairo"]
[Date "2017.12.05"]
[Round "5.3"]
[White "Ahmed, Fahmi Ahmed"]
[Black "Brahami, Lamine"]
[Result "0-1"]
[WhiteElo "1557"]
[BlackElo "2049"]
[PlyCount "102"]
[EventDate "2017.12.03"]
[EventType "swiss"]
[EventRounds "9"]
[EventCountry "EGY"]
[SourceTitle "EXT 2024"]
[Source "ChessBase"]
[SourceDate "2023.10.10"]
[SourceVersion "1"]
[SourceVersionDate "2023.10.10"]
[SourceQuality "1"]

1. e4 g6 2. d4 Bg7 3. Nc3 d6 4. Be3 a6 5. f4 b5 6. Bd3 Bb7 7. Nf3 Nf6 8. e5 Ng4 9. Bd2 c5 10. dxc5 dxe5 11. h3 Nf6 12. fxe5 Nfd7 13. Be4 Bxe4 14. Nxe4 Nxe5 15. Nxe5 Bxe5 16. Bc3 Bxc3+ 17. Nxc3 Qc7 18. Qf3 Nc6 19. 0-0 0-0 20. Nd5 Qe5 21. c3 Rad8 22. Rad1 Qg5 23. Rfe1 Kg7 24. Kh2 e6 25. Nb6 Qxc5 26. Nd7 Rxd7 27. Rxd7 Ne5 28. Rxe5 Qxe5+ 29. Qg3 Qe2 30. Ra7 Qxb2 31. Rxa6 Qe2 32. Rb6 Ra8 33. Qg5 Rxa2 34. Rxb5 Rc2 35. Rc5 h6 36. Qg3 h5 37. Qg5 h4 38. Rc7 Qe4 39. Rc5 Re2 40. Rc7 Rxg2+ 41. Qxg2 Qe5+ 42. Kg1 Qxc7 43. Qf3 Qg3+ 44. Qxg3 hxg3 45. Kg2 Kf6 46. Kxg3 Ke5 47. Kf3 Kd5 48. Ke3 Kc4 49. Kd2 e5 50. h4 f5 51. Kc2 e4 0-1